| 000 | 01466nam a2200349 i 4500 | ||
|---|---|---|---|
| 005 | 20221129150545.0 | ||
| 008 | 221129t2022 mnuo g 001 0 eng d | ||
| 020 |
_a9781532194931 _cRM 132.80 _qhardback |
||
| 040 |
_aPPAK _beng _cPPAK _erda |
||
| 082 | 0 | 4 |
_a616.238 _223 |
| 090 | 0 | 0 |
_a616.238 _bBUR _dG |
| 100 | 1 |
_aBurling, Alexis, _eauthor. |
|
| 245 | 1 | 0 |
_aHandling Asthma / _cby Alexis Burling ; Content Consultant Jennifer Shih, MD |
| 264 | 1 |
_aMinneapolis, Minnesota : _bEssential Library, an imprint of Abdo Publishing, _c[2022] |
|
| 264 | 4 | _c©2022 | |
| 300 |
_a112 pages : _bcolour photographs ; _c24 cm. |
||
| 336 |
_2rdacontent _atext |
||
| 336 |
_2rdacontent _astill images |
||
| 337 |
_2rdamedia _aunmediated |
||
| 338 |
_2rdacarrier _avolume |
||
| 490 | 1 | _aHandling Health Challenges | |
| 500 | _aIncludes index. | ||
| 504 | _aBibliography: pages 106-109. | ||
| 520 | _a"This book explores asthma and how people diagnosed with the disease manage it. It examines how asthma affects daily life, work, and school, and it explains the latest treatments available. Features include a glossary, web resources, source notes, and an index. Aligned to Common Core Standards and correlated to state standards."--Amazon. | ||
| 650 | 1 | 0 | _aAsthma |
| 650 | 2 | 0 |
_aAsthma _xDiagnosis. |
| 650 | 2 | 0 |
_aAsthma _xTreatment. |
| 650 | 2 | 0 |
_aAsthma _xPrevention. |
| 700 | 1 |
_aShih, Jennifer, _econsultant. |
|
| 830 | 0 | _aHandling health challenges | |
| 942 |
_2ddc _cB |
||
| 999 |
_c190252 _d190252 |
||